Les rêves des membres de l'équipage de Luffy dans One Piece - Statistiques

Statistiques générales
  • Ce quiz a été pris 139 fois
  • Le résultat moyen est 5 sur 11
Statistiques - réponses
Membre de l'équipage Indice Rêve % Correct
Luffy Devenir... ...le Roi des Pirates
99%
Sanji Trouver... ...All Blue
71%
Brook... Retrouver... ...Laboon
66%
Robin Découvrir la vérité sur... ...le siècle oublié
61%
Zoro Devenir... ... le plus grand sabreur du monde
48%
Nami Cartographier... ...le monde entier
46%
Usopp Devenir... ...un valeureux guerrier des mers
19%
Jinbe Que les hommes-poissons vivent... ...en paix avec les humains
16%
Franky... Et faire... ...le tour du monde à son bord
10%
Chopper Trouver... ...le remède à toutes les maladies
9%
Franky... Construire... ...le bateau du futur roi des pirates
8%
Aucun quiz correspondant
Distribution des résultats
% des personnes avec chaque résultat
Percentile par nombre de réponses
Votre historique - résultats
Vous n’avez pas pris ce quiz